Statistiques concernant Harry Potter: Qui a tué qui?

Cliquez ici pour prendre le quiz!

Statistiques générales

  • Ce quiz a été pris 370 fois
    (332 depuis la dernière actualisation)
  • Le résultat moyen est 18 sur 44

Statistiques - réponses

Personnage tuéMeurtrier% Correct
Sirius BlackBellatrix Lestrange
98%
James PotterVoldemort
89%
Lily PotterVoldemort
88%
Bellatrix LestrangeMolly Weasley
80%
DobbyBellatrix Lestrange
79%
Severus RogueNagini
79%
NaginiNeville Londubat
79%
Albus DumbledoreSeverus Rogue
78%
Mimi GeignardeLe Basilic
68%
Cedric DiggoryPeter Pettigrow
65%
La famille JedusorVoldemort
61%
Nymphadora TonksBellatrix Lestrange
60%
Barty Croupton SeniorBarty Croupton Jr
54%
Gellert GrindelwaldVoldemort
54%
Alastor MaugreyVoldemort
53%
GregorovitchVoldemort
53%
Bathilda TourdesacVoldemort
52%
Charity BurbageVoldemort
50%
Hepzibah SmithVoldemort
50%
VoldemortVoldemort
49%
Rufus ScrimgeourVoldemort
48%
Lavande BrownFenrir Greyback
46%
Frank BryceVoldemort
45%
Bertha JorkinsVoldemort
45%
Amelia BonesVoldemort
42%
Remus LupinAntonin Dolohov
29%
HedwigeUn mangemort
29%
Dorcas MeadowesVoldemort
27%
Fred WeasleyUn mangemort
25%
Colin CriveyUn mangemort
25%
Igor KarkaroffUn mangemort
21%
Edgar BonesUn mangemort
16%
Emmeline VanceUn mangemort
16%
Benjy FenwickUn mangemort
15%
Fabian PrewettAntonin Dolohov
14%
Gideon PrewettAntonin Dolohov
13%
Evan RosierAlastor Maugrey
7%
MontgomeryFenrir Greyback
6%
Marlene McKinnonLe mangemort Travers
2%
Ted TonksLes rafleurs
2%
GibbonThorfinn Rowle
2%
KarkusGolgomath
1%
Dirk CresswellLes rafleurs
1%
GornukLes rafleurs
1%

Distribution des résultats

Percentile par nombre de réponses

% des personnes avec chaque résultat

Votre développement - résultats

Vous n’avez pas pris ce quiz depuis la dernière actualisation